<?xml version="1.0" encoding="UTF-8"?>
<record
    xmlns:xsi="http://www.w3.org/2001/XMLSchema-instance"
    xsi:schemaLocation="http://www.loc.gov/MARC21/slim http://www.loc.gov/standards/marcxml/schema/MARC21slim.xsd"
    xmlns="http://www.loc.gov/MARC21/slim">

  <leader>02498cam a22002777a 4500</leader>
  <controlfield tag="005">20150922115149.0</controlfield>
  <controlfield tag="008">030602s2003    it ab    b   i100 0 eng d</controlfield>
  <datafield tag="020" ind1=" " ind2=" ">
    <subfield code="a">9251049173</subfield>
  </datafield>
  <datafield tag="040" ind1=" " ind2=" ">
    <subfield code="a">FQG</subfield>
    <subfield code="c">FQG</subfield>
    <subfield code="d">DLC</subfield>
    <subfield code="d">CO-BoIAVH</subfield>
  </datafield>
  <datafield tag="041" ind1="0" ind2=" ">
    <subfield code="a">spa</subfield>
  </datafield>
  <datafield tag="044" ind1=" " ind2=" ">
    <subfield code="a">it</subfield>
  </datafield>
  <datafield tag="082" ind1="0" ind2="4">
    <subfield code="a">631.58</subfield>
    <subfield code="b">C73b</subfield>
  </datafield>
  <datafield tag="110" ind1="2" ind2=" ">
    <subfield code="a">Commission on Genetic Resources for Food and Agriculture.</subfield>
    <subfield code="b">Regular Session</subfield>
    <subfield code="n">(9th :</subfield>
    <subfield code="c">Rome, Italy)</subfield>
  </datafield>
  <datafield tag="245" ind1="1" ind2="0">
    <subfield code="a">Biodiversity and the ecosystem approach in agriculture, forestry and fisheries.</subfield>
  </datafield>
  <datafield tag="246" ind1="1" ind2=" ">
    <subfield code="a">Satellite event on the occasion of the Ninth Regular Session of the Commission on Genetic Resources for Food and Agriculture, Rome, 12-13 October 2002 : proceedings</subfield>
  </datafield>
  <datafield tag="260" ind1=" " ind2=" ">
    <subfield code="a">Roma (Italia) :</subfield>
    <subfield code="b">FAO Inter-Departmental Working Group on Biological Diversity for Food and Agriculture,</subfield>
    <subfield code="c">2003.</subfield>
  </datafield>
  <datafield tag="300" ind1=" " ind2=" ">
    <subfield code="a">v, 312 p&#xE1;ginas :</subfield>
    <subfield code="b">ilustraciones y mapas ;</subfield>
    <subfield code="c">30 cm.</subfield>
  </datafield>
  <datafield tag="504" ind1=" " ind2=" ">
    <subfield code="a">Incluye referencias bibliogr&#xE1;ficas.</subfield>
  </datafield>
  <datafield tag="520" ind1=" " ind2=" ">
    <subfield code="a">Hay m&#xE1;s de 500 millones de unidades de gesti&#xF3;n agr&#xED;cola en el mundo, mayoritariamente se encuentran en pa&#xED;ses en desarrollo. Trabajo de campo en curso de la FAO en m&#xE1;s de 100.000 las comunidades rurales ha encontrado que todos esos administradores de fincas pueden entender sus granjas, campos, los bosques, los pastizales y la pesca como ecosistemas. Los agricultores, incluso en las regiones m&#xE1;s pobres y con mayor inseguridad alimentaria del mundo, administrar genes por su decisi&#xF3;n en las variedades de cultivos, manejo de especies por sus decisiones en los animales de granja y gestionar los ecosistemas por su decisi&#xF3;n en la polinizaci&#xF3;n del suelo.</subfield>
  </datafield>
  <datafield tag="520" ind1=" " ind2=" ">
    <subfield code="a">Los agricultores, pescadores y habitantes de los bosques no s&#xF3;lo entienden y pueden aplicar enfoques ecosist&#xE9;micos en su toma de decisiones, sino tambi&#xE9;n a comprender el impacto potencial de las amenazas ambientales a gran escala para su subsistencia. Programas de biodiversidad de la FAO aplican enfoques ecosist&#xE9;micos para estimular la educaci&#xF3;n a nivel comunitario y de aprendizaje experiencial por la poblaci&#xF3;n rural. Los mismos enfoques educar a los legisladores nacionales que deseen cumplir con los compromisos adquiridos en los tratados ambientales sin dejar de cumplir las demandas de producci&#xF3;n agr&#xED;colas.</subfield>
  </datafield>
  <datafield tag="650" ind1=" " ind2="0">
    <subfield code="a">Agrobiodiversidad</subfield>
    <subfield code="v">Congresos.</subfield>
  </datafield>
  <datafield tag="650" ind1=" " ind2="0">
    <subfield code="a">Biodiversidad</subfield>
    <subfield code="v">Congresos.</subfield>
  </datafield>
  <datafield tag="650" ind1=" " ind2="0">
    <subfield code="a">Ecolog&#xED;a agr&#xED;cola</subfield>
    <subfield code="v">Congresos.</subfield>
  </datafield>
  <datafield tag="710" ind1="2" ind2=" ">
    <subfield code="a">Food and Agriculture Organization of the United Nations.</subfield>
  </datafield>
  <datafield tag="942" ind1=" " ind2=" ">
    <subfield code="2">ddc</subfield>
    <subfield code="c">LIBRO</subfield>
  </datafield>
  <datafield tag="999" ind1=" " ind2=" ">
    <subfield code="c">5035</subfield>
    <subfield code="d">5035</subfield>
  </datafield>
  <datafield tag="952" ind1=" " ind2=" ">
    <subfield code="0">0</subfield>
    <subfield code="1">0</subfield>
    <subfield code="2">ddc</subfield>
    <subfield code="4">0</subfield>
    <subfield code="7">0</subfield>
    <subfield code="8">GENERAL</subfield>
    <subfield code="I">INV2017</subfield>
    <subfield code="a">Bogota</subfield>
    <subfield code="b">Bogota</subfield>
    <subfield code="d">2006-01-03</subfield>
    <subfield code="e">Amazon</subfield>
    <subfield code="l">0</subfield>
    <subfield code="o">LB-631.58 C73b</subfield>
    <subfield code="p">022719</subfield>
    <subfield code="r">2013-04-18 00:00:00</subfield>
    <subfield code="t">Ej. 1</subfield>
    <subfield code="w">2012-12-04</subfield>
    <subfield code="x">Compra</subfield>
    <subfield code="y">LIBRO</subfield>
  </datafield>
</record>
